| 000 | 00511nam a2200193Ia 4500 | ||
|---|---|---|---|
| 008 | 131103s9999 xx 000 0 und d | ||
| 040 | _aLoreto College | ||
| 041 | _aEnglish | ||
| 082 |
_a821.4/MIL _b#NAME? |
||
| 100 | _aTillyard,E.M.W. | ||
| 245 | 4 |
_aThe Miltonic selling _b past & present _cE.M.W.Tillyard |
|
| 260 |
_aLondon _bChatto _c1957 |
||
| 300 |
_a[5],208 p. _c 19 cm. |
||
| 504 | _aIncludes index | ||
| 650 | _aEnglish Poetry | ||
| 651 | _aMilton - Criticism | ||
| 850 | _aLCLIB | ||
| 942 | _cBK | ||
| 999 |
_c5719 _d56198 |
||